Shakespeare (Record no. 171504)

MARC details
000 -LEADER
campo de control de longitud fija 00565nam a22001815i 4500
001 - NÚMERO DE CONTROL
campo de control 171504
003 - IDENTIFICADOR DE NÚMERO DE CONTROL
campo de control ES-MaACL
005 - FECHA Y HORA DE LA ÚLTIMA TRANSACCIÓN
campo de control 20230906214641.0
008 - DATOS DE LONGITUD FIJA--INFORMACIÓN GENERAL
campo de control de longitud fija 090519s1943 mx |||| | spa d
100 1# - ENTRADA PRINCIPAL--NOMBRE DE PERSONA
Nombre de persona Solana y Gutiérrez, Mateo.
9 (RLIN) 140214
245 10 - MENCIÓN DEL TÍTULO
Título Shakespeare
Resto del título : abismo iluminado /
Mención de responsabilidad, etc. Mateo Solana y Gutiérrez.
260 ## - PUBLICACIÓN, DISTRIBUCIÓN, ETC.
Lugar de publicación, distribución, etc. México :
Nombre del editor, distribuidor, etc. Editora del Continente,
Fecha de publicación, distribución, etc. 1943.
300 ## - DESCRIPCIÓN FÍSICA
Extensión 476 p., 8 lám. ;
Dimensiones 24 cm.
490 1# - MENCIÓN DE SERIE
Mención de serie Las grandes ideas
830 0# - PUNTO DE ACCESO ADICIONAL DE SERIE-TÍTULO UNIFORME
Título uniforme Las grandes ideas
9 (RLIN) 189024
852 ## - LOCALIZACIÓN
Ubicación ES-MaACL
Número de control de estantería B-10733
itemnumber R.22244
Holdings
Estatus retirado Estado de pérdida Estado de daño No para préstamo Biblioteca de origen Biblioteca actual Ubicación en estantería Fecha de adquisición Fuente de adquisición Total de préstamos Signatura topográfica completa Código de barras Visto por última vez Precio de reemplazo Tipo de ítem Koha
        Biblioteca del Ateneo de Madrid Biblioteca del Ateneo de Madrid Sala Pardo Bazán 19/05/2009     B-10733 1179981 23/02/2023 23/02/2023 Libro impreso